000 00601nam a2200205 4500
003 CO-ViMGA
020 _a9788437098
040 _aCO-ViMGA
_bspa
_cCO-ViMGA
082 0 4 _aI830
_bL16p
100 1 _aLange, Monika
_92020
245 1 0 _a¡ Pronto llegará el invierno !
_bLos animales en invierno
260 _aBarcelona, Esapaña
_bEditorial Juventud
_c2008
300 _a32 p.
490 _aMis libros de animales
650 1 4 _aCuento infantil
_9276
650 1 4 _aLiteratura infantil
_9827
700 1 _aTorras, María Antóna tr.
_92023
700 1 _aWalentowitz, Steffen il.
_92021
942 _2ddc
_cBK
999 _c6752
_d6752